000 01145nam a2200337 c 4500
999 _c99009
_d99009
003 BLK
005 20230802005209.0
008 180409b bul|||||r ||||||| ||bul||
010 _aKNG00104001000
040 _aBLK
041 _aBUL
_cBUL
080 _aБългарска литература
_b821.163.2
_x-32
_z821.163.2-32
100 1 _aВазов, Иван Минчов
_eпърви автор
_9363396
139 _aВазов, Иван Минчов
_bВ 15
245 1 0 _aНемили-недраги
_bПовест
_cИван Минчов Вазов; предг. от Милена Георгиева Цанева.
250 _a10. изд.
257 _aBGR
260 _bБълг. писател
_c1969
_aСофия
300 _a107 с.
_c20 см
380 _aX
490 _aБиблиотека за ученика
_9201322
653 _aповести
700 _aЦанева, Милена Георгиева
_9363501
852 _aЦБ 48976
856 4 _qpdf
856 4 _qpdf
942 _cKNG
_n0
_s1
944 _aCR
_c01.01.1999
_k
_lCRON CRON
944 _aED
_c01.10.2010
999 _d99009